000 00371nam a22001337a 4500
008 250704b |||||||| |||| 00| 0 eng d
020 _a9782104132
050 _aHD9000
_b.O58
100 _aONUCHEYO Emmanuel
245 _aPolitical Decision in the Nigerian Agricultural Industry.
260 _aZaria
_bTamaza Publishing Co. Ltd.
_c1998
300 _axv, 186p.
942 _cBK
999 _c4134
_d4134